00221nam a2200097Ia 4500008004100000100001900041245002200060250000800082260002500090300000800115191201s2014 xx 000 0 und d aDESAI,Apurva A 0aComputer Graphics aRep c2014bPHIaNEW DELHI a347